Länder Afrikas nach Gebieten - Statistiken

Allgemein
  • Dieses Quiz wurde 188 mal gespielt
  • Das Durchschnittsergebnis liegt bei 44 aus 54
Antwortstatistiken
Flächenrang Land % Korrekt
1 Algerien
96%
2 Dem Rep Kongo
95%
27 Kongo
95%
3 Sudan
95%
4 Libyen
94%
12 Ägypten
93%
6 Niger
93%
14 Nigeria
91%
18 Marokko
90%
9 Südafrika
90%
19 Südsudan
89%
5 Tschad
89%
24 Kenia
87%
8 Mali
87%
7 Angola
85%
15 Namibia
85%
20 Somalia
85%
35 Tunesien
85%
31 Guinea
84%
11 Mauretanien
84%
13 Tansania
83%
32 Ghana
82%
25 Kamerun
82%
34 Senegal
82%
33 Uganda
82%
23 Botswana
81%
37 Eritrea
81%
17 Sambia
81%
41 Togo
81%
10 Äthiopien
80%
42 Guinea- Bissau
80%
38 Benin
79%
43 Lesotho
79%
22 Madagaskar
79%
16 Mosambik
79%
46 Ruanda
79%
26 Simbabwe
79%
45 Burundi
77%
48 Swasiland
77%
21 Zentralafrikan- ische Republik
77%
44 Äquatorial- Guinea
76%
28 Côte d'Ivoire
76%
47 Dschibuti
76%
30 Gabun
75%
49 Gambia
75%
29 Burkina Faso
74%
51 Komoren
74%
52 Mauritius
74%
50 Cabo Verde
73%
54 Seychellen
73%
40 Sierra Leone
73%
53 São Tomé und Príncipe
72%
36 Malawi
71%
39 Liberia
70%
Keine übereinstimmenden Quizze gefunden
Verteilung der Resultate
Anzahl Personen mit jedem Resultat
Perzentil nach korrekt beantworteten Fragen
Ihre Resultats-Entwicklung
Sie haben dieses Quiz noch nicht gespielt